000
00317nam a2200133Ia 4500
005
20251222144644.0
008
251222s9999||||xx |||||||||||||| ||spa||
020
_a
88-215-3553-3
082
_a
219.1/G51
100
_a
Giussani, Luigi
245
0
_a
Lettere di fede e di amicizia
264
_b
San Paolo
942
_c
LIB
999
_c
16805
_d
16805